ბათუმის შოთა რუსთაველის სახელმწიფო უნივერსიტეტის ბიბლიოთეკა

სატირიკონი = Satyricon / (ბიბ.ჩანაწერი № 49562)

000 -ლიდერი
ფიქსირებული სიგრძის საკონტროლო ველი 01670nam a2200301Ia 4500
001 - საკონტროლო ნომერი
საკონტროლო ველი 16494
003 - საკონტროლო ნომრის იდენტიფიკატორი
საკონტროლო ველი GE_BSU
005 - ბოლო ოპერაციის თარიღი და დრო
საკონტროლო ველი 20230301113753.0
008 - ფიქსირებული სიგრძის მონაცემთა ელემენტები - ზოგადი ინფორმაცია
ფიქსირებული სიგრძის საკონტროლო ველი 181216s ||||ge |||||||||||||| ||geo||
020 ## - წიგნის საერთაშორისო სტანდარტული ნომერი
International Standard Book Number ISBN 978-9941-437-41-0
040 ## - კატალოგიზაციის წყარო
Transcribing agency GE_BSU
041 ## - ენის კოდი
Language code of text/sound track or separate title geo
080 ## - უნივერსალური ათობითი კლასიფიკაციის ინდექსი
Universal Decimal Classification number 821.124-31+821.124.03=353.1 პ-33
100 ## - მთავარი ჩანაწერი - პიროვნების სახელი
Personal name პეტრონიუს , არბიტერი
9 (RLIN) 17086
245 ## - ცნობა სათაურის შესახებ
Title სატირიკონი = Satyricon /
Statement of responsibility, etc არბიტერი პეტრონიუს ; ლათ. თარგმნა, შესავ. და კომენტ. დაურთო გიორგი ქაჯაიამ ; რედ. ნანა ტონია.
264 ## - წარმოების, გამოცემის, დისტრიბუციის და სხვა ცნობები
გამოცემის, წარმოების, დისტრიბუციის... ადგილი თბილისი :
გამოცემის, წარმოების, დისტრიბუციის... სახელწოდება ლოგოსი,
გამოცემის, წარმოების, დისტრიბუციის... თარიღი 2012.
300 ## - ფიზიკური აღწერა
Extent 184 გვ. ;
Dimensions 20 სმ.
490 ## - სერიის ცნობა
Series statement პროგრამა "ლოგოსი"
500 ## - ზოგადი შენიშვნა
General note გარეკანზე ავტორი პეტრონიუსი
500 ## - ზოგადი შენიშვნა
General note პუბლიკაციები და ღონისძიებები კლასიკური ფილოლოგიის, ბიზანტინისტიკისა და ნეოგრეცისტიკის სფეროში)
501 ## - შენიშვნა თანმხლებ მასალაზე
With note განმარტებები: გვ. 177-183.
546 ## - LANGUAGE NOTE
Language note პარალელური თავფურცელი ლათინურ ენაზე
653 ## - INDEX TERM--UNCONTROLLED
Uncontrolled term ბიზანტიური ლიტერატურა
653 ## - INDEX TERM--UNCONTROLLED
Uncontrolled term სატირიკონი
700 ## - ADDED ENTRY--PERSONAL NAME
Personal name ტონია, ნანა
Relator term რედაქტორი
9 (RLIN) 17087
942 ## - ADDED ENTRY ELEMENTS (KOHA)
Koha item type წიგნი
Source of classification or shelving scheme
ეგზემპლარები
ჩამოწერის სტატუსი დაკარგული ეგზემპლარის სტატუსი კლასიფიკაციის წყარო ან თაროზე გაწყობის სქემა დაზიანების სტატუსი არ გაიცემა მუდმივი მდებარეობა (დაცვის ადგილი) ამჟამინდელი ადგილსამყოფელი თაროზე განთავსების ადგილი შეძენის თარიღი ღირებულება, შესყიდვის ნორმალური ფასი სრული შენახვის შიფრი შტრიხკოდი ბოლო ოპერაციის თარიღი ეგზემპლარის მიმდევრობითი ნომერი (კეტერი?) ფასის ძალაში შესვლის თარიღი ეგზემპლარის სახეობა საჯარო შენიშვნა
          ბათუმის შოთა რუსთაველის სახელმწიფო უნივერსიტეტის მთავარი ბიბლიოთეკა ბათუმის შოთა რუსთაველის სახელმწიფო უნივერსიტეტის მთავარი ბიბლიოთეკა წიგნსაცავი 2018-12-17 6.00 821.124-31+821.124.03=353.1 პ-33 41073 2018-12-17 41073 2018-12-17 წიგნი 6.00 ₾.
          ბათუმის შოთა რუსთაველის სახელმწიფო უნივერსიტეტის მთავარი ბიბლიოთეკა ბათუმის შოთა რუსთაველის სახელმწიფო უნივერსიტეტის მთავარი ბიბლიოთეკა წიგნსაცავი 2018-12-17 6.00 821.124-31+821.124.03=353.1 პ-33 57490 2018-12-17 57490 2018-12-17 წიგნი 6.00 ₾.
          ბათუმის შოთა რუსთაველის სახელმწიფო უნივერსიტეტის მთავარი ბიბლიოთეკა ბათუმის შოთა რუსთაველის სახელმწიფო უნივერსიტეტის მთავარი ბიბლიოთეკა წიგნსაცავი 2018-12-17 6.00 821.124-31+821.124.03=353.1 პ-33 57491 2018-12-17 57491 2018-12-17 წიგნი 6.00 ₾.
          ბათუმის შოთა რუსთაველის სახელმწიფო უნივერსიტეტის მთავარი ბიბლიოთეკა ბათუმის შოთა რუსთაველის სახელმწიფო უნივერსიტეტის მთავარი ბიბლიოთეკა წიგნსაცავი 2018-12-17 6.00 821.124-31+821.124.03=353.1 პ-33 57492 2018-12-17 57492 2018-12-17 წიგნი 6.00 ₾.